Ansicht der alten Burg Buchlau in Mähren Pohled na hrad Buchlov z r. 1833 /

Hlavní autor: Kunike, Adolph, 1777-1838
Korporativní autor: Geodezie Brno (firma)
Jazyk: Němčina
Čeština
Vydáno: Brno : Geodézie Brno, 1991
Témata:
Fyzický popis: 1 grafický list : reprodukce, čb. ; 25 x 32 cm, na listu 35 x 42 cm
Language note: Název německy a česky
Grafika
Uloženo v:
LEADER 01475nkm a2200373 a 4500
001 001310865
003 CZ BrMZK
005 20130724084015.0
007 kj bc
008 130716s1991 xr ||||e||||||||||czger d
034 0 |a a  |d E0171833  |e E0171845  |f N0490629  |g N0490623 
040 |a BOA001  |b cze 
041 0 |a ger  |a cze 
043 |a e-xr---  |b e-xr-zl  |2 czenas 
072 7 |a 7.01/.09  |x Umění  |2 Konspekt  |9 21 
080 |a (437.323)  |2 MRF 
080 |a (084.1)  |2 MRF 
080 |a (0.035)72/76  |2 MRF 
100 1 |a Kunike, Adolph,  |d 1777-1838  |7 jo2003186455  |4 ltg 
245 1 0 |a Ansicht der alten Burg Buchlau in Mähren  |h [grafika] =  |b Pohled na hrad Buchlov z r. 1833 /  |c Kunike 
246 3 1 |a Pohled na hrad Buchlov z r. 1833 
255 |a Měřítko neuvedeno  |c (017°18´33" v.d.--017°18´45" v.d./049°06´29" s.š.--049°06´23" s.š.) 
260 |a Brno :  |b Geodézie Brno,  |c 1991 
300 |a 1 grafický list :  |b reprodukce, čb. ;  |c 25 x 32 cm, na listu 35 x 42 cm 
500 |a Reprodukce podle originálu uloženého v Moravské zemské knihovně 
546 |a Název německy a česky 
610 2 7 |a Buchlov (hrad)  |7 ko2002101800 
655 7 |a veduty  |7 fd133805  |2 czenas 
655 7 |a reprodukce uměleckých děl  |7 fd185170  |2 czenas 
710 2 |a Geodezie Brno (firma)  |7 kn20010710198  |4 prt  |4 isb 
910 |a BOA001  |b Skř.2M-0967.862 
990 |a GP 
991 |b 201307 
996 6 |b 2619594706  |c Skř.2M-0967.862  |l MZK  |r Sklad / do 24 hodin  |n 0  |w 001347571  |u 000010  |a 1  |e BOA001  |j MZK50  |s P